• 首页
  • 本馆介绍
  • 公告通知
  • 最新文献
  • 馆藏检索
  • 电子资源
  • 读者导购
  • 参考咨询
  • 我的图书馆
  • 登录
  • 详细信息显示
  • 放入我的书架
  • 预约/预借图书
  • 作者相关作品
  • 分类相关作品
  • 丛书相关作品
  • 出版社相关作品

书目信息

  • 表格格式
  • 工作单格式
  • 卡片格式
题名:
梭罗与中国
    
 
作者: 刘略昌 著
分册:  
出版信息: 北京   九州出版社  2018
页数: 296页
开本: 24cm
丛书名: 中国学者研究文库
单 册:
中图分类: K837.125.6
科图分类:
主题词:
电子资源:
ISBN: 978-7-5108-7306-5
000 01155oam2 2200277 450
001 2156244806
005 20211011172911.0
010    @a978-7-5108-7306-5@dCNY68.00
100    @a20181130d2018 em y0chiy50 ea
101 0  @achi
102    @aCN@b110000
105    @ak a 000yy
106    @ar
200 1  @a梭罗与中国@Asuo luo yu zhong guo@e东学西传后的西学中渐@f刘略昌著
210    @a北京@c九州出版社@d2018
215    @a296页@c表格@d24cm
225 2  @a中国学者研究文库@Azhong guo xue zhe yan jiu wen ku
320    @a有书目 (第283-296页)
330    @a本书主要研究对象为梭罗, 围绕国内外的学术论著、学位论文和期刊论文等学术成果回顾并分析了已有的研究成果, 指出目前在“梭罗与中国”的关系研究中存在的问题, 指出现有研究主要偏重于研究梭罗与中国古代文化的关联, 从不同的侧重点切入, 叙述了梭罗在中国的传播和接受史。
461  0 @12001 @a中国学者研究文库
517 1  @a东学西传后的西学中渐@Adong xue xi chuan hou de xi xue zhong jian
600  1 @a梭罗@Asuo luo@g(Thoreau, Henry David),@f1817-1862@x文学评论
690    @aK837.125.6@v5
701  0 @a刘略昌@Aliu lue chang@4著
801  0 @aCN@b百万庄@c20211006
905    @b1304878-881@dK837.125.6@e1170@f4
    
    梭罗与中国:东学西传后的西学中渐/刘略昌著.-北京:九州出版社,2018
    296页:表格;24cm.-(中国学者研究文库)
    
    
    ISBN 978-7-5108-7306-5:CNY68.00
    本书主要研究对象为梭罗, 围绕国内外的学术论著、学位论文和期刊论文等学术成果回顾并分析了已有的研究成果, 指出目前在“梭罗与中国”的关系研究中存在的问题, 指出现有研究主要偏重于研究梭罗与中国古代文化的关联, 从不同的侧重点切入, 叙述了梭罗在中国的传播和接受史。
●
相关链接 在E读中查询图书 在五车中查询图书 在当当中查询图书 在豆瓣中查询图书


正题名:梭罗与中国     索取号:K837.125.6/1170         预约/预借

序号 登录号 条形码 馆藏地/架位号 状态 备注
1 1304878   213048780   第二样本阅览室/ [索取号:K837.125.6/1170] 在馆    
2 1304879   213048799   第二借阅区/ [索取号:K837.125.6/1170] 在馆    
3 1304880   213048806   第二借阅区/ [索取号:K837.125.6/1170] 在馆    
4 1304881   213048815   第二借阅区/ [索取号:K837.125.6/1170] 在馆    
唐山师范学院图书馆 欢迎您!
大连网信软件有限公司© 版权所有